Statistics for Great Albania

Click here to take the quiz!

General Stats

  • This quiz has been taken 32 times
  • The average score is 6 of 6

Answer Stats

Answer% Correct
Greece
100%
Kosovo
100%
Montenegro
96%
North Macedonia
96%
Serbia
93%
Albania
71%

Score Distribution

Percentile by Number Answered

Percent of People with Each Score

Your Score History

You have not taken this quiz